| 000 | 01141cam a22002773a 4500 | ||
|---|---|---|---|
| 001 | 19481 | ||
| 003 | PGUSA | ||
| 005 | 20140828083419.0 | ||
| 008 | 061006s2006||||xxu|||||s|||||000 d eng d | ||
| 040 |
_aPGUSA _beng |
||
| 042 | _adc | ||
| 050 | 4 | _aPR | |
| 245 | 1 | 0 |
_a"Everyman," with other interludes, including eight miracle plays _h[electronic resource] |
| 260 |
_bProject Gutenberg, _c2006 |
||
| 505 | 0 | _aEveryman -- The Deluge -- Abraham, Melchisedec, and Isaac -- The Wakefield Second Shepherds' Play -- The Coventry Nativity Play -- The Wakefield Miracle-Play of the Crucifixion -- The Cornish Mystery-Play of the Three Maries -- The Mystery of Mary Magdalene and the Apostles -- The Wakefield Pageant of the Harrowing of Hell -- God's Promises. | |
| 506 | _aPublic domain in the USA. | ||
| 516 | _aElectronic text | ||
| 653 | _aMysteries and miracle-plays, English | ||
| 653 | _aBible plays, English | ||
| 653 | _aEnglish drama -- To 1500 | ||
| 653 | _aMoralities, English | ||
| 700 | 1 |
_aRhys, Ernest, _d1859-1946 |
|
| 830 | 0 |
_aProject Gutenberg _v19481 |
|
| 856 | 4 | 0 | _uhttp://www.gutenberg.org/ebooks/19481 |
| 942 | _cEB | ||
| 999 |
_c248736 _d248736 |
||